00504 2200205 4500001002100000008004100021035002000062245006600082100001800148250000600166260003200172300001100204084001400215082000800229650001300237990001200250990001200262990001200274990001200286INLIS000000000000665 ind  a0010-0424000641 aPenjelajah Ruang Angkasa; Misteri Ruang AngkasacStave Parker aParker, Stave a1 aBandung :bPakar Rayac2007 a31 hlm a600 STA p a600 aNonfiksi a0721714 a0721715 a0721716 a0721717